[Event "2017 Oceania Zone 3.6 Zonal Championshi"]
[Site "Auckland NZL"]
[Date "2017.01.18"]
[Round "7.23"]
[White "Ng, Clive"]
[Black "Narenthran, Tharmaratnam"]
[Result "1-0"]
[WhiteElo "1997"]
[BlackElo "1909"]
[PlyCount "113"]
[EventDate "2017.01.14"]

1. e4 d5 2. exd5 Qxd5 3. Nc3 Qd6 4. Bc4 c6 5. d4 Nf6 6. Nge2 Bg4 7. a3 e6 8. f3
Bh5 9. Bf4 Qd8 10. Ng3 Bg6 11. Nge4 Nd5 12. Bd2 Nd7 13. Qe2 N7b6 14. Bb3 Be7
15. Nd1 Qc7 16. c4 Nf4 17. Qf1 O-O-O 18. g3 Nh5 19. Qf2 Qd7 20. Be3 Nf6 21.
Ndc3 Nxe4 22. fxe4 f5 23. e5 Bh5 24. O-O g5 25. d5 f4 26. Bxb6 axb6 27. d6 Bxd6
28. exd6 Qxd6 29. Ne4 Qd3 30. Nc3 e5 31. Bc2 Qxc4 32. Qxb6 Rd2 33. Bf5+ Kb8 34.
g4 Bf7 35. Ne4 Qd4+ 36. Qxd4 Rxd4 37. Nxg5 Bb3 38. Nf3 Rd5 39. Be6 e4 40. Bxd5
Bxd5 41. Nh4 f3 42. Kf2 Kc7 43. Ke3 Kd6 44. Rac1 Ke5 45. Rf2 Rf8 46. Nf5 h5 47.
Nh4 Rg8 48. gxh5 Rg5 49. Ng6+ Kf5 50. Ne7+ Ke5 51. Nxd5 cxd5 52. Rc5 Rxh5 53.
Rd2 Ke6 54. b4 Rf5 55. Rc8 Ke5 56. Rg8 d4+ 57. Rxd4 1-0

[Event "2017 Oceania Zone 3.6 Zonal Championshi"]
[Site "Auckland NZL"]
[Date "2017.01.18"]
[Round "7.24"]
[White "Tsai, Charles"]
[Black "Bhat, Vishal"]
[Result "1-0"]
[WhiteElo "1908"]
[BlackElo "1995"]
[PlyCount "67"]
[EventDate "2017.01.14"]

1. d4 d5 2. c4 c6 3. Nf3 Nf6 4. Nc3 e6 5. e3 Nbd7 6. Qc2 Bd6 7. Bd3 dxc4 8.
Bxc4 b5 9. Bd3 Bb7 10. O-O O-O 11. a3 Qe7 12. Ng5 Bxh2+ 13. Kxh2 Ng4+ 14. Kg1
Qxg5 15. f3 Ngf6 16. e4 Qh4 17. Be3 e5 18. Ne2 Nh5 19. Rac1 Rfd8 20. Qd2 Qe7
21. Qa5 exd4 22. Nxd4 Ne5 23. Nf5 Qf6 24. Be2 Bc8 25. f4 Nc4 26. Rxc4 bxc4 27.
e5 Rd5 28. Qxd5 cxd5 29. exf6 Nxf6 30. Ne7+ Kf8 31. Nxc8 Rxc8 32. Bxa7 Ke7 33.
Bf3 Kd6 34. Bd4 1-0

[Event "2017 Oceania Zone 3.6 Zonal Championshi"]
[Site "Auckland NZL"]
[Date "2017.01.18"]
[Round "7.25"]
[White "Huang, Alex"]
[Black "Crowley, Regan"]
[Result "0-1"]
[WhiteElo "1993"]
[BlackElo "1761"]
[PlyCount "62"]
[EventDate "2017.01.14"]

1. d4 d5 2. c4 c6 3. Nf3 e6 4. Qc2 Bd6 5. g3 Nd7 6. Bg2 Ngf6 7. O-O O-O 8. Nbd2
Re8 9. b3 e5 10. dxe5 Nxe5 11. Bb2 Nxf3+ 12. Nxf3 Ne4 13. cxd5 cxd5 14. Rfd1
Bc5 15. Nd4 Qe7 16. e3 Bd7 17. a4 Rac8 18. Qd3 Qf6 19. Qe2 Qb6 20. Rab1 Qg6 21.
Ba1 Ng5 22. Bxd5 Bxd4 23. Bxd4 Nh3+ 24. Kg2 Nf4+ 25. exf4 Rxe2 26. Bf3 Bc6 27.
Bxa7 Bxf3+ 28. Kxf3 Qe4+ 29. Kg4 Qe6+ 30. Kf3 h5 31. Rd4 Rcc2 0-1

[Event "2017 Oceania Zone 3.6 Zonal Championshi"]
[Site "Auckland NZL"]
[Date "2017.01.18"]
[Round "7.26"]
[White "Hair, Philip I"]
[Black "Notley, David G"]
[Result "1/2-1/2"]
[WhiteElo "1877"]
[BlackElo "2036"]
[PlyCount "101"]
[EventDate "2017.01.14"]

1. e4 c5 2. Nc3 Nc6 3. g3 g6 4. Bg2 Bg7 5. d3 d6 6. Be3 Rb8 7. Qd2 b5 8. h4 h5
9. f4 Bd7 10. Nf3 Nd4 11. Nh2 Nh6 12. O-O Qc8 13. Nd1 Bh3 14. c3 Bxg2 15. Kxg2
Nc6 16. Nf2 Qd7 17. Nf3 Ng4 18. Nxg4 Qxg4 19. f5 gxf5 20. Nh2 Qg6 21. Rxf5 f6
22. Kh1 Ne5 23. Qe2 e6 24. Rff1 c4 25. Bxa7 cxd3 26. Qg2 Rc8 27. Bd4 Rg8 28.
Rad1 Rd8 29. Rfe1 Bh6 30. Be3 Bf8 31. Bf4 Be7 32. Nf3 Ra8 33. a3 Ra4 34. Nd4
Kd7 35. Nxb5 Qg4 36. Bxe5 fxe5 37. Rxd3 Bxh4 38. Rxd6+ Ke7 39. Red1 Bxg3 40.
Rd7+ Kf6 41. Rf1+ Bf4 42. Qxg4 hxg4 43. Nd6 Rh8+ 44. Kg1 Rh3 45. Ne8+ Kg5 46.
Rg7+ Kh6 47. Rxg4 Rxe4 48. Nf6 Re2 49. Ng8+ Kh7 50. Nf6+ Kh6 51. Ng8+ 1/2-1/2

[Event "2017 Oceania Zone 3.6 Zonal Championshi"]
[Site "Auckland NZL"]
[Date "2017.01.18"]
[Round "7.27"]
[White "Zhang, William Jiewen"]
[Black "Goodhue, Nathan"]
[Result "1/2-1/2"]
[WhiteElo "1856"]
[BlackElo "1966"]
[PlyCount "53"]
[EventDate "2017.01.14"]

1. d4 e6 2. c4 f5 3. Nf3 d5 4. g3 Nf6 5. Bg2 c6 6. O-O Bd6 7. b3 Qe7 8. a4 a5
9. Ba3 Bxa3 10. Nxa3 Na6 11. Ne5 O-O 12. Nc2 Nd7 13. Nd3 b6 14. Nce1 Nb4 15.
Qd2 Nxd3 16. Nxd3 Ba6 17. Rfc1 Rac8 18. Qe3 Rfe8 19. Ra2 Qf6 20. Ne5 Nxe5 21.
dxe5 Qd8 22. Rd2 Re7 23. c5 b5 24. Ra1 bxa4 25. Rxa4 Bb5 26. Ra3 Ra8 27. Qc3
1/2-1/2

[Event "2017 Oceania Zone 3.6 Zonal Championshi"]
[Site "Auckland NZL"]
[Date "2017.01.18"]
[Round "7.28"]
[White "Kumar, Manoj"]
[Black "Picken, Oliver"]
[Result "1/2-1/2"]
[WhiteElo "1962"]
[BlackElo "1853"]
[PlyCount "194"]
[EventDate "2017.01.14"]

1. d4 Nf6 2. c4 e5 3. d5 Bc5 4. e3 d6 5. Nc3 a5 6. Nf3 O-O 7. e4 Ng4 8. Be3
Nxe3 9. fxe3 Bxe3 10. Qd3 Bc5 11. Be2 f5 12. O-O-O Na6 13. a3 f4 14. Kb1 Be3
15. Qc2 Nc5 16. Na4 Nxa4 17. Qxa4 Bd7 18. Qc2 Rf6 19. Nh4 g6 20. Nf3 Bc5 21. h3
Ra6 22. Ka2 a4 23. Bd3 Rf8 24. Qe2 Qe7 25. Rd2 Rb8 26. Rc2 h6 27. Qf1 Qe8 28.
Qe2 b5 29. cxb5 Bxb5 30. Rd1 Rab6 31. Bxb5 Rxb5 32. Rd3 Rb3 33. Rdc3 Qb5 34.
Qxb5 R8xb5 35. Rc4 Ra5 36. Nxe5 dxe5 37. Rxc5 Rxc5 38. Rxc5 Rb7 39. Rc4 Ra7 40.
Rc6 Kf7 41. b3 axb3+ 42. Kxb3 Rb7+ 43. Kc3 Ra7 44. Kb3 Rb7+ 45. Ka2 Ra7 46. Kb2
Rb7+ 47. Kc3 Ra7 48. Kb4 Rb7+ 49. Kc4 Ra7 50. Kc5 Ra5+ 51. Kb4 Ra7 52. a4 h5
53. h4 Rb7+ 54. Kc5 Ra7 55. Kb5 Rb7+ 56. Ka6 Rb2 57. Rxc7+ Ke8 58. d6 Rxg2 59.
Kb7 Rd2 60. a5 f3 61. Rc3 f2 62. Rf3 Kd7 63. Rf6 Rb2+ 64. Ka7 Ra2 65. Kb6 Rb2+
66. Kc5 Ra2 67. Kb4 Kc6 68. a6 Rxa6 69. Rxf2 Rb6+ 70. Kc4 Rb7 71. Rf6 Rg7 72.
d7+ Kxd7 73. Kd5 g5 74. hxg5 Rxg5 75. Rh6 h4 76. Rxh4 Rg6 77. Rh7+ Ke8 78. Kxe5
Rc6 79. Rb7 Rh6 80. Ra7 Rb6 81. Kf5 Rc6 82. Ke5 Rb6 83. Kd5 Rh6 84. e5 Rg6 85.
Rh7 Ra6 86. Rh8+ Ke7 87. Rc8 Kd7 88. Rc5 Ke7 89. Rc7+ Ke8 90. Rb7 Rh6 91. Rb8+
Ke7 92. Rb7+ Ke8 93. e6 Rh1 94. Rb8+ Ke7 95. Rb7+ Ke8 96. Rb6 Rd1+ 97. Ke5 Re1+
1/2-1/2

[Event "2017 Oceania Zone 3.6 Zonal Championshi"]
[Site "Auckland NZL"]
[Date "2017.01.18"]
[Round "7.29"]
[White "Davis, Tony J"]
[Black "Crossman, Tom"]
[Result "1-0"]
[WhiteElo "1851"]
[BlackElo "1945"]
[PlyCount "49"]
[EventDate "2017.01.14"]

1. e4 d5 2. exd5 Nf6 3. Nc3 Nxd5 4. Bc4 Nb6 5. Bb3 Nc6 6. Nf3 e6 7. d4 Na5 8.
O-O Nxb3 9. axb3 Be7 10. Ne4 O-O 11. Qd3 h6 12. Rd1 Nd5 13. Ne5 c6 14. Qg3 Kh7
15. c3 Nf6 16. Qd3 Nxe4 17. Qxe4+ Kg8 18. Rd3 Qd5 19. Qg4 Bf6 20. Bxh6 Bxe5 21.
dxe5 Qxe5 22. Rg3 g6 23. Bxf8 Kxf8 24. Re3 Qd5 25. Rd1 1-0

[Event "2017 Oceania Zone 3.6 Zonal Championshi"]
[Site "Auckland NZL"]
[Date "2017.01.18"]
[Round "7.30"]
[White "Lin, Kerry"]
[Black "Yee, Stanley"]
[Result "1/2-1/2"]
[WhiteElo "1828"]
[BlackElo "1931"]
[PlyCount "63"]
[EventDate "2017.01.14"]

1. c4 c5 2. Nc3 Nf6 3. Nf3 g6 4. e3 Bg7 5. Be2 O-O 6. O-O d5 7. cxd5 Nxd5 8. e4
Nf4 9. d3 Nxe2+ 10. Qxe2 e5 11. Be3 b6 12. Ne1 Nc6 13. Nc2 Ba6 14. Rfd1 Rc8 15.
a3 Bb7 16. Ne1 a5 17. g3 Qd7 18. Qd2 Nd4 19. Bxd4 Qxd4 20. Nc2 Qd7 21. Qe2 Bh6
22. Ne3 Bxe3 23. Qxe3 Rfd8 24. Rd2 Rc6 25. Rad1 Rd6 26. f4 f6 27. Qe2 c4 28.
Nd5 Bxd5 29. dxc4 Qc7 30. Rxd5 Rxd5 31. Rxd5 Rxd5 32. exd5 1/2-1/2

[Event "2017 Oceania Zone 3.6 Zonal Championshi"]
[Site "Auckland NZL"]
[Date "2017.01.18"]
[Round "7.31"]
[White "Nicholls, Leighton"]
[Black "Zhao, Isaac"]
[Result "1-0"]
[WhiteElo "1929"]
[BlackElo "1838"]
[PlyCount "95"]
[EventDate "2017.01.14"]

1. e4 c6 2. d4 d5 3. e5 Bf5 4. Nf3 e6 5. Bd3 Bxd3 6. Qxd3 c5 7. c3 Nc6 8. O-O
Qb6 9. dxc5 Bxc5 10. b4 Be7 11. Be3 Qc7 12. Nbd2 a6 13. Bd4 Nh6 14. a3 O-O 15.
c4 Nxd4 16. Qxd4 dxc4 17. Qxc4 Qb6 18. Rac1 Rac8 19. Qxc8 Rxc8 20. Rxc8+ Bf8
21. Nc4 Qa7 22. Rd1 Ng4 23. Rd4 b5 24. Rxg4 bxc4 25. Rd4 g6 26. Rdd8 Kg7 27.
Rxf8 Qd7 28. Rg8+ Kh6 29. Rgd8 Qb5 30. Rc5 Qa4 31. Rxc4 Qb3 32. Rcd4 Qxa3 33.
h3 Kg7 34. Kh2 Qc1 35. Rd2 Qc4 36. R2d4 Qc1 37. Kg3 Qc3 38. R8d7 Qc1 39. Rf4 g5
40. Rfxf7+ Kg8 41. Rg7+ Kh8 42. Nxg5 Qc3+ 43. Nf3 Qxb4 44. Rge7 Qb8 45. Rxh7+
Kg8 46. Rdg7+ Kf8 47. Rh8+ Kxg7 48. Rxb8 1-0

[Event "2017 Oceania Zone 3.6 Zonal Championshi"]
[Site "Auckland NZL"]
[Date "2017.01.18"]
[Round "7.32"]
[White "Wang, Tony"]
[Black "Maligin, William"]
[Result "1/2-1/2"]
[WhiteElo "1913"]
[BlackElo "1834"]
[PlyCount "102"]
[EventDate "2017.01.14"]

1. d4 Nf6 2. c4 g6 3. Nc3 d5 4. cxd5 Nxd5 5. e4 Nxc3 6. bxc3 Bg7 7. Qb3 c5 8.
Qb5+ Nd7 9. Bb2 O-O 10. Nf3 Qb6 11. Be2 Qxb5 12. Bxb5 a6 13. Be2 b5 14. O-O Bb7
15. e5 cxd4 16. cxd4 Nb6 17. Ba3 Nd5 18. Bc5 Rfd8 19. Rfc1 Rac8 20. g3 Bh6 21.
Rc2 e6 22. Ne1 Bf8 23. f4 Bxc5 24. dxc5 Ne3 25. Rc3 Nf5 26. Bf3 Nd4 27. Bxb7
Ne2+ 28. Kf1 Nxc3 29. Bxc8 Rxc8 30. Nd3 a5 31. a3 Rd8 32. Nf2 Rd5 33. c6 Rc5
34. Rc1 Rxc6 35. Ne4 b4 36. axb4 axb4 37. Nxc3 bxc3 38. Ke2 Ra6 39. Kd3 Ra2 40.
Rc2 Ra1 41. Kxc3 h6 42. Kb4 g5 43. fxg5 hxg5 44. Kc5 Rd1 45. Re2 Kg7 46. Re4
Kg6 47. Re2 Kf5 48. Rf2+ Kxe5 49. Rxf7 Rc1+ 50. Kb4 Rh1 51. Rf2 Kd4 1/2-1/2

[Event "2017 Oceania Zone 3.6 Zonal Championshi"]
[Site "Auckland NZL"]
[Date "2017.01.18"]
[Round "7.33"]
[White "Louie, Jared"]
[Black "Eade, Don"]
[Result "0-1"]
[WhiteElo "1895"]
[BlackElo "1831"]
[PlyCount "94"]
[EventDate "2017.01.14"]

1. d4 Nf6 2. c4 g6 3. Nc3 Bg7 4. e4 d6 5. Nf3 O-O 6. Be2 e5 7. O-O Nc6 8. d5
Ne7 9. Ne1 Nd7 10. Nd3 f5 11. f3 Nf6 12. c5 f4 13. Bd2 g5 14. g4 h5 15. h3 Ng6
16. Rf2 Bd7 17. Rc1 Kf7 18. cxd6 cxd6 19. Qb3 b6 20. Qa3 Rh8 21. Qxd6 Bf8 22.
Nxe5+ Kg7 23. Nc6 Qc8 24. Nxa7 Qb7 25. Nab5 Bxd6 26. Nxd6 Qb8 27. Ndb5 hxg4 28.
hxg4 Rh3 29. Bf1 Rg3+ 30. Bg2 Qh8 31. Rc2 Nh4 32. Nd4 Nxg2 33. Rxg2 Rxg2+ 34.
Kxg2 Qh4 35. Kf1 Rh8 36. Ke2 Qh1 37. Kd3 Qf1+ 38. Nce2 Bb5+ 39. Rc4 Nd7 40. Kc3
Bxc4 41. Kxc4 Ne5+ 42. Kb4 Rc8 43. b3 Nxf3 44. Bc3 Kf7 45. a4 Ne5 46. Nb5 Nd3+
47. Ka3 Rxc3 0-1

[Event "2017 Oceania Zone 3.6 Zonal Championshi"]
[Site "Auckland NZL"]
[Date "2017.01.18"]
[Round "7.34"]
[White "Wang, Aaron Ziwen"]
[Black "Lam, Ross"]
[Result "0-1"]
[WhiteElo "1598"]
[BlackElo "1883"]
[PlyCount "74"]
[EventDate "2017.01.14"]

1. c4 e5 2. Nc3 Nf6 3. Nf3 Nc6 4. g3 Nd4 5. Bg2 Nxf3+ 6. Bxf3 Bb4 7. Nd5 Bc5 8.
O-O c6 9. Nc3 d5 10. cxd5 cxd5 11. b4 Be7 12. d4 e4 13. Bg2 O-O 14. a3 Be6 15.
f3 exf3 16. Bxf3 Rc8 17. Qb3 Ne4 18. Na4 Bf6 19. e3 b6 20. Bxe4 dxe4 21. Qd1
Qd7 22. Bb2 Bg4 23. Qb3 Bf3 24. Nc3 Qh3 25. Rf2 Bg5 26. Nb1 Qh6 27. Rc2 Bxe3+
28. Kf1 Qh3+ 29. Ke1 Rxc2 30. Qxc2 Rc8 31. Nc3 Bxd4 32. Qd2 e3 33. Qxd4 Qxh2
34. Qxe3 Qxb2 35. Rc1 Kf8 36. Ne2 Re8 37. Qd2 Rxe2+ 0-1

[Event "2017 Oceania Zone 3.6 Zonal Championshi"]
[Site "Auckland NZL"]
[Date "2017.01.18"]
[Round "7.35"]
[White "Russell, Paul"]
[Black "Kumar, Viney"]
[Result "1-0"]
[WhiteElo "1882"]
[BlackElo "1703"]
[PlyCount "135"]
[EventDate "2017.01.14"]

1. e4 c6 2. c4 d5 3. cxd5 cxd5 4. exd5 Qxd5 5. Nc3 Qd8 6. d4 Nf6 7. Nf3 Bg4 8.
Bc4 e6 9. O-O Be7 10. d5 exd5 11. Nxd5 O-O 12. Re1 Nxd5 13. Bxd5 Nc6 14. Bf4
Bf6 15. Qb3 Qb6 16. Qa4 Rad8 17. Be3 Nd4 18. Nxd4 Rxd5 19. Nf3 Bd7 20. Qe4 Qe6
21. Bxa7 Qxe4 22. Rxe4 Rb5 23. Bd4 Bc6 24. Rf4 Bxd4 25. Nxd4 Rxb2 26. h3 Bd5
27. a4 b6 28. Nf5 Re8 29. Rd4 Be6 30. Ne3 Ra8 31. Rd6 Rb4 32. Nc2 Re4 33. Rxb6
Kf8 34. a5 Bc4 35. a6 Re6 36. Rxe6 fxe6 37. Nb4 Ke8 38. a7 Kd7 39. Na6 Kc6 40.
Rc1 Kb6 41. Rxc4 Kxa6 42. Rc6+ Kxa7 43. Rxe6 Rg8 44. g4 Kb7 45. Kg2 Kc7 46. f4
Kd7 47. f5 g6 48. Kf3 gxf5 49. gxf5 Rg1 50. Kf4 Rg2 51. h4 h5 52. Rg6 Rh2 53.
Kg5 Rf2 54. Rg7+ Ke8 55. Rh7 Kf8 56. Kf6 Kg8 57. Rxh5 Ra2 58. Kg6 Ra6+ 59. f6
Rb6 60. Rd5 Rb8 61. h5 Ra8 62. h6 Rb8 63. h7+ Kh8 64. Rd6 Re8 65. f7 Rf8 66.
Re6 Rxf7 67. Re8+ Rf8 68. Rxf8# 1-0

[Event "2017 Oceania Zone 3.6 Zonal Championshi"]
[Site "Auckland NZL"]
[Date "2017.01.18"]
[Round "7.36"]
[White "Nagorski, Alex"]
[Black "Chan, Anthony"]
[Result "1/2-1/2"]
[WhiteElo "1771"]
[BlackElo "1881"]
[PlyCount "102"]
[EventDate "2017.01.14"]

1. e4 c6 2. d4 d5 3. exd5 cxd5 4. c4 Nf6 5. Nc3 g6 6. Qb3 Bg7 7. Nf3 O-O 8.
cxd5 Nbd7 9. Bc4 Nb6 10. O-O Nxc4 11. Qxc4 Bg4 12. Ne5 Rc8 13. Qb3 Qb6 14. Nxg4
Nxg4 15. Qxb6 axb6 16. Bg5 Rfe8 17. Rad1 h6 18. Bh4 g5 19. Bg3 Red8 20. Rfe1
Kf8 21. Kf1 h5 22. h3 Nh6 23. Be5 f6 24. Bh2 g4 25. Re6 Nf5 26. Rxb6 g3 27.
Bxg3 Nxg3+ 28. fxg3 Rd7 29. g4 hxg4 30. hxg4 Kf7 31. Rd3 Kg6 32. Ke2 Bh6 33.
Rf3 Rg8 34. d6 exd6 35. Ne4 Re8 36. Kd3 Bg5 37. Rxd6 Rde7 38. Nxg5 Kxg5 39.
Rdxf6 b5 40. R6f5+ Kxg4 41. Rxb5 Re2 42. Kc3 Rxg2 43. Rff5 Re3+ 44. Kb4 Rxb2+
45. Ka5 Rxa2+ 46. Kb6 Re6+ 47. Kb7 Re7+ 48. Kb8 Rh2 49. Rg5+ Kf4 50. Rbf5+ Ke4
51. Re5+ Rxe5 1/2-1/2

[Event "2017 Oceania Zone 3.6 Zonal Championshi"]
[Site "Auckland NZL"]
[Date "2017.01.18"]
[Round "7.37"]
[White "Parsonage, Ian P"]
[Black "Borg, Zen"]
[Result "1-0"]
[WhiteElo "2043"]
[BlackElo "1709"]
[PlyCount "155"]
[EventDate "2017.01.14"]

1. e4 e6 2. d4 d5 3. Nd2 c5 4. Ngf3 Nc6 5. exd5 Qxd5 6. dxc5 Bxc5 7. Bc4 Qd8 8.
O-O Nf6 9. Qe2 O-O 10. Nb3 Bd6 11. Bg5 Qc7 12. c3 a6 13. Rad1 b5 14. Bd3 Bb7
15. Bxf6 gxf6 16. Bxh7+ Kxh7 17. Qd3+ Kh8 18. Qxd6 Qxd6 19. Rxd6 Ne7 20. Rd3
Nf5 21. Nc5 Bd5 22. b3 Rg8 23. Ne1 Rg6 24. f4 Rag8 25. Rf2 a5 26. g3 Rh6 27.
Rfd2 Rc8 28. b4 a4 29. Ng2 Rg6 30. Kf2 Kh7 31. Ne3 Nxe3 32. Rxe3 f5 33. Nd7 Rh6
34. h4 Rc6 35. Ke1 Kg7 36. Ne5 Rc7 37. Nf3 Rh8 38. Nd4 Bc4 39. Re5 Rb8 40. a3
Kg6 41. Rh2 Kh5 42. Kd2 Kg4 43. Re3 Kh5 44. Nf3 Bd5 45. Ng5 Rh8 46. Nh3 Rc4 47.
Nf2 Kg6 48. Nd3 Rc7 49. Ne5+ Kh5 50. Rf2 Rg8 51. Rf1 f6 52. Nd3 Bc4 53. Rfe1
Rd7 54. Kc2 Rgd8 55. Nc1 Rd2+ 56. Kb1 Rg2 57. Ne2 Bxe2 58. R1xe2 Rxe2 59. Rxe2
Rd3 60. Rxe6 Rxc3 61. Rxf6 Rxg3 62. Rxf5+ Kxh4 63. Kb2 Rf3 64. Rxb5 Kg4 65. Ra5
Kxf4 66. Rxa4 Ke5 67. Ra5+ Kd6 68. Rc5 Rf8 69. Kb3 Ra8 70. a4 Re8 71. Rc3 Rb8
72. b5 Rb6 73. Kb4 Kd5 74. Rd3+ Ke4 75. Rd7 Ke5 76. a5 Rb8 77. a6 Ke6 78. Rd1
1-0

[Event "2017 Oceania Zone 3.6 Zonal Championshi"]
[Site "Auckland NZL"]
[Date "2017.01.18"]
[Round "7.38"]
[White "Yung, Cameron"]
[Black "Cooper, Nigel"]
[Result "1/2-1/2"]
[WhiteElo "1862"]
[BlackElo "1643"]
[PlyCount "89"]
[EventDate "2017.01.14"]

1. e4 e5 2. Nf3 Nc6 3. Bb5 a6 4. Bxc6 dxc6 5. d4 exd4 6. Qxd4 Qxd4 7. Nxd4 Bd7
8. Nc3 O-O-O 9. Be3 Nf6 10. f3 h6 11. h4 Bd6 12. O-O-O Rhe8 13. Nde2 h5 14. Bg5
Be7 15. Nf4 g6 16. e5 Nh7 17. Bxe7 Rxe7 18. Nd3 b6 19. f4 Bg4 20. Rde1 Bf5 21.
Nf2 Rd4 22. g3 f6 23. exf6 Rxe1+ 24. Rxe1 Nxf6 25. Rd1 Rxd1+ 26. Kxd1 Kd7 27.
a3 Kd6 28. Kd2 Kc5 29. Ncd1 Ne4+ 30. Nxe4+ Bxe4 31. Kc3 a5 32. Ne3 b5 33. b4+
axb4+ 34. axb4+ Kd6 35. Kd4 Bf3 36. c3 Be2 37. Nc2 Bd1 38. Na3 Be2 39. Nb1 Bf3
40. Nd2 Bd5 41. Nf1 Bc4 42. Ne3 Be6 43. Nf1 Bc4 44. Nd2 Bd5 45. Nf1 1/2-1/2

[Event "2017 Oceania Zone 3.6 Zonal Championshi"]
[Site "Auckland NZL"]
[Date "2017.01.18"]
[Round "7.39"]
[White "Jacobs, Hilton J"]
[Black "Taylor, Richard"]
[Result "0-1"]
[WhiteElo "1678"]
[BlackElo "1848"]
[PlyCount "68"]
[EventDate "2017.01.14"]

1. Nf3 Nf6 2. e3 c5 3. b3 d5 4. Bb2 Nc6 5. Be2 g6 6. O-O Bg7 7. c3 e5 8. d4 e4
9. Nfd2 cxd4 10. cxd4 O-O 11. Nc3 Re8 12. a3 h5 13. b4 Bg4 14. Qb3 Bxe2 15.
Nxe2 Qd6 16. Bc3 Ng4 17. g3 Ne7 18. h4 Nf5 19. Nf4 Bh6 20. Qxd5 Bxf4 21. Qxd6
Bxd6 22. Rae1 Rac8 23. Ba1 Rc2 24. Nb3 b6 25. Nc1 Rxf2 26. Ne2 Rxf1+ 27. Kxf1
Nfxe3+ 28. Kg1 Rc8 29. Bc3 f5 30. d5 Kf7 31. Bd4 Be5 32. Bxe5 Nxe5 33. Nd4 N3g4
34. Rd1 Nf3+ 0-1

[Event "2017 Oceania Zone 3.6 Zonal Championshi"]
[Site "Auckland NZL"]
[Date "2017.01.18"]
[Round "7.40"]
[White "Rains, Timothy"]
[Black "Prasad, Rudr"]
[Result "1/2-1/2"]
[WhiteElo "1839"]
[BlackElo "1566"]
[PlyCount "136"]
[EventDate "2017.01.14"]

1. d4 d5 2. c4 e6 3. Nc3 Nf6 4. Bg5 Nbd7 5. e3 Be7 6. f4 c5 7. Nf3 cxd4 8. Nxd4
O-O 9. Qf3 dxc4 10. Bxc4 Ne8 11. h4 Nc7 12. Qg3 Kh8 13. O-O-O a6 14. h5 h6 15.
Bxe7 Qxe7 16. Qf3 Rb8 17. g4 f6 18. Rdg1 Nb6 19. Bd3 Qc5 20. Nb3 Qd6 21. Bc2
Bd7 22. Qe2 Bc6 23. Rh2 Nbd5 24. Qd3 f5 25. gxf5 exf5 26. Rg6 Qe7 27. Rh3 Rf7
28. Rhg3 Kh7 29. Nd4 Bd7 30. Bb3 Qc5 31. Kb1 Nxc3+ 32. Qxc3 Qxc3 33. bxc3 Re7
34. Nf3 Be8 35. Ne5 Nb5 36. Kc2 Rd8 37. Rg1 Nd6 38. Re6 Rxe6 39. Bxe6 Bxh5 40.
Rg2 Rf8 41. Rd2 Ne4 42. Rd4 Nc5 43. Bd5 b6 44. Bb3 Rf6 45. Rd8 g5 46. Nd7 Nxd7
47. Rxd7+ Kg6 48. Bd5 Bg4 49. Rd8 Kh5 50. Kd2 Kh4 51. Ke1 Kg3 52. fxg5 hxg5 53.
c4 f4 54. Rg8 f3 55. Rxg5 f2+ 56. Kf1 Kh4 57. Rg8 Bh3+ 58. Bg2 Be6 59. Rh8+ Kg5
60. Bd5 Bd7 61. Rh2 Kg4 62. Rxf2 Rxf2+ 63. Kxf2 Kf5 64. Ke2 Ke5 65. Kd3 b5 66.
Bb7 bxc4+ 67. Kxc4 Be6+ 68. Kd3 Bxa2 1/2-1/2

[Event "2017 Oceania Zone 3.6 Zonal Championshi"]
[Site "Auckland NZL"]
[Date "2017.01.18"]
[Round "7.41"]
[White "Buciu, Aurel-John"]
[Black "Dragalchuk, Vladislav"]
[Result "0-1"]
[WhiteElo "1718"]
[BlackElo "1800"]
[PlyCount "70"]
[EventDate "2017.01.14"]

1. d4 c5 2. c3 d5 3. Nf3 Nc6 4. Bf4 Qb6 5. b3 cxd4 6. Nxd4 Bd7 7. e3 Nxd4 8.
exd4 Rc8 9. Bd3 Nf6 10. O-O Bb5 11. Qe2 Bxd3 12. Qxd3 e6 13. Nd2 Be7 14. Rac1
O-O 15. Nf3 Rfd8 16. Ne5 Nd7 17. Rfe1 Nxe5 18. Rxe5 Bd6 19. Qg3 Qc7 20. Bg5
Bxe5 21. dxe5 f6 22. Bxf6 Rf8 23. h4 Kh8 24. Bg5 Rf5 25. Bf4 a6 26. Qe3 b5 27.
g4 Rf7 28. Qg3 Rcf8 29. Be3 Rf3 30. Qh2 a5 31. a3 a4 32. b4 Qc4 33. Qg2 Qa2 34.
g5 Qxa3 35. Qg4 Rxe3 0-1

[Event "2017 Oceania Zone 3.6 Zonal Championshi"]
[Site "Auckland NZL"]
[Date "2017.01.18"]
[Round "7.42"]
[White "Dias, Douglas"]
[Black "Plaganyi, Gyula"]
[Result "1-0"]
[WhiteElo "1399"]
[BlackElo "1790"]
[PlyCount "83"]
[EventDate "2017.01.14"]

1. d4 Nf6 2. c4 d6 3. Nc3 g6 4. Nf3 Bg7 5. e4 O-O 6. Be2 e5 7. O-O Nc6 8. d5
Ne7 9. b4 a5 10. Ba3 axb4 11. Bxb4 b6 12. a4 Nd7 13. a5 f5 14. Ng5 Nc5 15. Bxc5
bxc5 16. Bf3 h6 17. Ne6 Bxe6 18. dxe6 f4 19. Nd5 h5 20. Qa4 Bf6 21. Rfb1 Qc8
22. a6 Nxd5 23. cxd5 Ra7 24. Qc6 Qe8 25. Rb7 Qxc6 26. dxc6 Rfa8 27. Be2 Kf8 28.
Rxa7 Rxa7 29. Rb1 Bd8 30. Rb8 Ke7 31. h4 Ke8 32. f3 Ke7 33. Bc4 Ke8 34. Kf2 Ke7
35. Ke2 Ke8 36. Kd3 Ke7 37. Kc3 Ke8 38. Kb3 Ke7 39. Ka4 Ke8 40. Ka5 Ke7 41. Rb7
Ra8 42. a7 1-0

[Event "2017 Oceania Zone 3.6 Zonal Championshi"]
[Site "Auckland NZL"]
[Date "2017.01.18"]
[Round "7.43"]
[White "Gold, Hamish R"]
[Black "Fikh, Anthony"]
[Result "0-1"]
[WhiteElo "1792"]
[BlackElo "1553"]
[PlyCount "66"]
[EventDate "2017.01.14"]

1. d4 Nf6 2. Nf3 e6 3. Bf4 b6 4. e3 Bb7 5. Nbd2 Be7 6. Bd3 O-O 7. O-O Nh5 8.
Bxh7+ Kxh7 9. Ng5+ Bxg5 10. Qxh5+ Bh6 11. h4 f5 12. Nf3 Bxf3 13. Qxf3 d5 14. g3
Nd7 15. Rac1 Nf6 16. c4 Rc8 17. c5 Ne4 18. Qe2 bxc5 19. dxc5 Bxf4 20. exf4 Qf6
21. Rfd1 Qf7 22. Kg2 c6 23. f3 Nf6 24. Re1 Rfe8 25. b4 Nd7 26. Qa6 Nb8 27. Qd3
Qf6 28. a3 g6 29. Re2 e5 30. fxe5 Rxe5 31. Rce1 Rce8 32. Rxe5 Rxe5 33. Qd4 Re2+
0-1

[Event "2017 Oceania Zone 3.6 Zonal Championshi"]
[Site "Auckland NZL"]
[Date "2017.01.18"]
[Round "7.44"]
[White "Renjith, Sravan"]
[Black "Lane, Ryan"]
[Result "1-0"]
[WhiteElo "1612"]
[BlackElo "1793"]
[PlyCount "201"]
[EventDate "2017.01.14"]

1. d4 Nf6 2. Nf3 g6 3. Bf4 Bg7 4. h3 d6 5. e3 O-O 6. Be2 Nbd7 7. O-O Nh5 8. Bh2
e5 9. c4 Re8 10. Nc3 f5 11. Rc1 c6 12. Re1 Qe7 13. d5 c5 14. a3 a5 15. e4 f4
16. Nb5 Nf8 17. Qd2 b6 18. b4 axb4 19. axb4 Ba6 20. Ra1 Bxb5 21. cxb5 Nd7 22.
Ra6 Nhf6 23. Bd1 Reb8 24. Ng5 h6 25. Ne6 Nf8 26. Nxf8 Kxf8 27. Bf3 Qd8 28. Rea1
Nd7 29. Bg4 Nf6 30. Bf3 Ne8 31. Rxa8 Rxa8 32. Rxa8 Qxa8 33. bxc5 bxc5 34. Qb2
Qa5 35. g3 Qb6 36. Qb3 g5 37. Be2 Nf6 38. Qa4 Ke7 39. Qa6 Nd7 40. Kg2 Kd8 41.
Qa4 Kc7 42. Bg1 Kb7 43. f3 Qa7 44. Qb3 Nb6 45. Bf2 Qa4 46. Qb2 Na8 47. gxf4
gxf4 48. Bh4 Bf8 49. Bd8 Nb6 50. h4 Nc8 51. Kh3 h5 52. Kg2 Be7 53. Bxe7 Nxe7
54. Qb1 Qb4 55. Qa2 Qe1 56. Qa6+ Kc7 57. b6+ Kd8 58. b7 Kc7 59. Qb6+ Kb8 60.
Qxd6+ Kxb7 61. Qxe7+ Kb6 62. Qd6+ Kb7 63. Qxc5 Qxe2+ 64. Qf2 Qb5 65. Qd2 Kc7
66. Kf2 Qc5+ 67. Ke2 Kd6 68. Qd3 Qa5 69. Qc4 Qb6 70. Qc3 Qb5+ 71. Kd2 Qb6 72.
Ke2 Qb5+ 73. Qd3 Qb2+ 74. Kd1 Qa2 75. Qb5 Qa1+ 76. Kc2 Qd4 77. Qc6+ Ke7 78.
Qc7+ Ke8 79. Qc8+ Ke7 80. Qe6+ Kd8 81. Qg8+ Kd7 82. Qf7+ Kd8 83. Qxh5 Qc4+ 84.
Kd2 Qd4+ 85. Ke2 Qe3+ 86. Kf1 Qc1+ 87. Kg2 Qd2+ 88. Kh3 Qf2 89. Kg4 Qb6 90.
Qxe5 Qf2 91. Qxf4 Ke7 92. Kf5 Qe1 93. Qc7+ Kf8 94. d6 Qg3 95. Qe7+ Kg8 96. Qg5+
Kf8 97. Qxg3 Kf7 98. Qg6+ Kf8 99. Qf6+ Kg8 100. d7 Kh7 101. Qg6+ 1-0

[Event "2017 Oceania Zone 3.6 Zonal Championshi"]
[Site "Auckland NZL"]
[Date "2017.01.18"]
[Round "7.45"]
[White "Cabunagan, Tito"]
[Black "Shen, Kevin"]
[Result "0-1"]
[WhiteElo "1779"]
[BlackElo "1672"]
[PlyCount "92"]
[EventDate "2017.01.14"]

1. e4 c6 2. Nf3 d5 3. exd5 cxd5 4. d4 Bf5 5. Bd3 Bxd3 6. Qxd3 Nc6 7. O-O e6 8.
a3 Bd6 9. Bg5 Nf6 10. Re1 O-O 11. Nc3 a6 12. Ne5 Qc7 13. Bxf6 gxf6 14. Nf3 Kh8
15. Ne2 Rg8 16. g3 Rg7 17. Kh1 Rag8 18. Rg1 Ne7 19. Nh4 Ng6 20. Nxg6+ hxg6 21.
Raf1 Rh7 22. Rg2 Kg7 23. Kg1 Rgh8 24. f4 Rh3 25. Rff2 R8h7 26. Kf1 Qb6 27. Ng1
R3h5 28. c3 e5 29. dxe5 Bc5 30. exf6+ Kxf6 31. Re2 Bxg1 32. Rxg1 Rxh2 33. Qd4+
Qxd4 34. cxd4 Rxe2 35. Kxe2 Rh2+ 36. Kd3 Rxb2 37. Kc3 Ra2 38. Kb4 Rc2 39. Rd1
Kf5 40. Kb3 Rg2 41. Rd3 Kg4 42. a4 Rxg3 43. Rxg3+ Kxg3 44. Kb4 Kxf4 45. Kc5 g5
46. Kxd5 g4 0-1